Why not just be Christians? (Record no. 12027)

000 -LEADER
fixed length control field 00672nam a2200205 a 4500
001 - CONTROL NUMBER
control field :::00009829$&:&@@
003 - CONTROL NUMBER IDENTIFIER
control field OkBaRHE
005 - DATE AND TIME OF LATEST TRANSACTION
control field 20000607103353.0
008 - FIXED-LENGTH DATA ELEMENTS--GENERAL INFORMATION
fixed length control field s1944 j 000 0 eng u
040 ## - CATALOGING SOURCE
Transcribing agency
100 1# - MAIN ENTRY--PERSONAL NAME
Personal name Havner, Vance.
245 10 - TITLE STATEMENT
Title Why not just be Christians?
260 ## - PUBLICATION, DISTRIBUTION, ETC. (IMPRINT)
Place of publication, distribution, etc Westwood, NJ., :
Name of publisher, distributor, etc Fleming H. Revell Company
Date of publication, distribution, etc c1944
300 ## - PHYSICAL DESCRIPTION
Extent 128 p. ;
Dimensions 19 cm.
650 ## - SUBJECT ADDED ENTRY--TOPICAL TERM
Topical term or geographic name as entry element Christian Life
650 ## - SUBJECT ADDED ENTRY--TOPICAL TERM
Topical term or geographic name as entry element Sermons
General subdivision American
942 ## - ADDED ENTRY ELEMENTS (KOHA)
Source of classification or shelving scheme
Koha item type Books
Copies
Koha item type Withdrawn status Not for loan Date acquired Full call number Damaged status Shelving location Source of classification or shelving scheme Permanent Location Price effective from Date last seen Copy number Lost status Barcode
Books  2010-04-14BV 4241 .H3 General Stacks RHEMA Bible Training College2010-04-142010-04-141 9829
Books  2010-04-14BV 4241 .H3 General Stacks RHEMA Bible Training College2010-04-142010-04-142 15593